Transformačné uzly v obraze mesta\\Prípadová štúdia Trenčín

Salvato in:
Dettagli Bibliografici
Autore principale: Mlynčeková, Adriana 1967- (Autore)
Altri autori: Kováč, Bohumil (Relatore della tesi)
Natura: Manoscritto Libro
Lingua:slovacco
Pubblicazione: Bratislava 2015
Soggetti:
Accesso online:http://is.stuba.sk/zp/portal_zp.pl?podrobnosti=55321
Tags: Aggiungi Tag
Nessun Tag, puoi essere il primo ad aggiungerne!!

MARC

LEADER 00000ntm a22000003a 4500
001 stuzp24231
003 SK-STU
005 20230317124631.2
007 ta
008 150427s2015----xo-----f-mn---000-0-slo-d
040 |a STU  |b slo 
041 0 |a slo 
100 1 |a Mlynčeková, Adriana  |d 1967-  |u 056160  |4 aut  |9 100  |U FAD Fakulta architektúry  |T FA Ústav urbanizmu a územného plánovania  |X 53562  |U A6160  |Y 397  |7 53562 
242 0 1 |a Transformational junctions in the picture of city-The case study of Trenčín  |y eng 
245 1 0 |a Transformačné uzly v obraze mesta\\Prípadová štúdia Trenčín 
260 |c 2015  |a Bratislava 
300 |a 175 s. 
650 4 |a transformačný  |2 slo 
650 4 |a línia  |2 slo 
650 4 |a uzol  |2 slo 
650 4 |a transformational, transformation  |2 eng 
650 4 |a line  |2 eng 
650 4 |a junction  |2 eng 
700 1 |a Kováč, Bohumil  |4 ths  |X 460  |7 A000000460 
856 4 |u http://is.stuba.sk/zp/portal_zp.pl?podrobnosti=55321  |u https://opac.crzp.sk/?fn=detailBiblioForm&sid=0EA7DBD32D42EAF6EEE44C5D4843 
996 |b 284AS03606  |c A* 9608/V  |l AAKNST  |s P  |a 0  |w stuzp24231_0001 
SQL |a stuzp24231  |b DDZ  |c SLO  |d Transformačné uzly v obraze mesta\\Prípadová štúdia Trenčín  |e 53562  |f Mlynčeková, Adriana  |g 056160  |h 460  |i Kováč, Bohumil  |j 20151026  |k 167  |l 05  |m http://is.stuba.sk/zp/portal_zp.pl?podrobnosti=55321  |n D-URB  |o 5.1.1. architektúra a urbanizmus